Smart Ecosystems: Integrating Game Theory, soft Computing, IOT and Social Networking Data Mining for intelligence Decision Making (Record no. 13120)

MARC details
000 -LEADER
fixed length control field 00474nam a22001457a 4500
003 - CONTROL NUMBER IDENTIFIER
control field OSt
008 - FIXED-LENGTH DATA ELEMENTS--GENERAL INFORMATION
fixed length control field 250212b |||||||| |||| 00| 0 eng d
020 ## - INTERNATIONAL STANDARD BOOK NUMBER
International Standard Book Number 9788197818479
100 ## - MAIN ENTRY--PERSONAL NAME
Personal name CHAUDHARY, Richa et al.
245 ## - TITLE STATEMENT
Title Smart Ecosystems: Integrating Game Theory, soft Computing, IOT and Social Networking Data Mining for intelligence Decision Making
260 ## - PUBLICATION, DISTRIBUTION, ETC. (IMPRINT)
Place of publication, distribution, etc New Delhi,
Name of publisher, distributor, etc Naples India:
Date of publication, distribution, etc 2024.
300 ## - PHYSICAL DESCRIPTION
Extent 312p.
650 ## - SUBJECT ADDED ENTRY--TOPICAL TERM
Topical term or geographic name as entry element Faculty Publication
942 ## - ADDED ENTRY ELEMENTS (KOHA)
Source of classification or shelving scheme Dewey Decimal Classification
Koha item type Text Books
Holdings
Withdrawn status Lost status Source of classification or shelving scheme Damaged status Not for loan Collection code Home library Current library Date acquired Source of acquisition Currency Cost, normal purchase price Total Checkouts Acc. no. / Barcode Date last seen Actual Cost, discounted price Bill Date Koha item type
    Dewey Decimal Classification     Faculty Publication PIET C-LIBRARY PIET C-LIBRARY 13/02/2025 Naples India INR 850.00   38650 13/02/2025 850.00 04/02/2025 Text Books

Design & Developed by: PIET Central Library
R70 Miles Stone Pattikalyana Samalkha Panipat 132102
mail ID :- [email protected], Phone No:- 0180-2569700 Ex.216